000 00708nam a2200229Ia 4500
003 OSt
005 20220925172538.0
006 a|||||r|||| 00| 0
007 ta
008 220923b |||||||| |||| 00| 0 eng d
037 _cGeneral Book
040 _aRTL
_cRTL
_beng
041 _2eng
_aeng
082 _aX9(M71).231.N70<N61, L0
110 _aLAKHSHMI-VISHNU COTTON MILLS LTD
_9241909
245 0 _aBalance sheet and profit & loss account,1961-1970.
260 _aBombay
_bLakhshmi-Vishnu Cotton Mills Ltd
_c1970
300 _a24p.
_ccm.
700 _aLAKHSHMI-VISHNU COTTON MILLS LTD
_9241910
942 _hX9(M71).231.N70<N61, L0
_cGB
_2CC
999 _c485353
_d485353